| 000 | 00455nam a2200145 i 4500 | ||
|---|---|---|---|
| 001 | 45625 | ||
| 003 | ES-MaACL | ||
| 005 | 20230906161240.0 | ||
| 007 | t| | ||
| 008 | 030326s1914 sp ||||1| spa d | ||
| 100 | 0 |
_aAlonso y Colmenares, Eduardo. _920423 |
|
| 245 | 1 | 0 |
_aEstudio crítico y comparativo del presupuesto municipal de Madrid / _cJosé Alonso Colmenares. |
| 260 |
_aMadrid : _b[s.n., _c1914] ( _fImp. A. Gascón) |
||
| 852 |
_aES-MaACL _jT-1432-F-11 |
||
| 999 |
_c45625 _d45625 |
||